Digitalization Trends and Expectations in Ukraine from a European Perspective

Skúmanie komplexných iniciatív digitálnej transformácie, ktoré podnikla vláda Ukrajiny v rokoch 2020 až 2025 so zameraním na politické rámce, rozvoj infraštruktúry a strategické plánovanie v rôznych sektoroch.

Salvato in:
Dettagli Bibliografici
Autore principale: Dziura, Boris, 1976-
Altri autori: Magdich, Alisa
Natura: Capitolo di libro
Lingua:inglese
Soggetti:
Tags: Aggiungi Tag
Nessun Tag, puoi essere il primo ad aggiungerne!!

MARC

LEADER 00000naa$a2200000$$$4500
001 0305000
005 20250127141307.1
041 0 |a eng 
044 |a PL 
245 1 0 |a Digitalization Trends and Expectations in Ukraine from a European Perspective  |c Boris Dziura, Alisa Magdich 
520 |a Skúmanie komplexných iniciatív digitálnej transformácie, ktoré podnikla vláda Ukrajiny v rokoch 2020 až 2025 so zameraním na politické rámce, rozvoj infraštruktúry a strategické plánovanie v rôznych sektoroch. 
610 2 0 |a transformácia 
610 2 0 |a transformácia digitálna 
610 2 0 |a digitalizácia 
610 2 0 |a inteligencia umelá 
610 2 0 |a Ukrajina 
610 2 0 |a infraštruktúra 
610 2 0 |a bezpečnosť kybernetická 
610 2 0 |a integrácia 
610 2 0 |a Európska únia 
100 1 |a Dziura, Boris, 1976- 
700 1 |a Magdich, Alisa